The marketing of quarter-inch cartridge : a company's perspective /
Saved in:
| Main Author: | |
|---|---|
| Format: | Thesis Book |
| Language: | English |
| Published: |
1996.
|
| Subjects: | |
| Tags: |
Add Tag
No Tags, Be the first to tag this record!
|
| LEADER | 00825cam a2200241 a 4500 | ||
|---|---|---|---|
| 001 | u403265 | ||
| 003 | SIRSI | ||
| 008 | 960926s1996 si v 00 1 eng m | ||
| 035 | |a ACB-3483 | ||
| 040 | |a UMM | ||
| 043 | |a a-si--- | ||
| 090 | |a HF5415.1263 |b Goh | ||
| 100 | 1 | 0 | |a Goh, Teck Boon. |
| 245 | 1 | 4 | |a The marketing of quarter-inch cartridge : |b a company's perspective / |c by Goh Teck Boon. |
| 260 | |c 1996. | ||
| 300 | |a vi, 92 leaves : |b ill. ; |c 30 cm. | ||
| 502 | |a Dissertation (M.B.A.) -- National University of Singapore, 1996. | ||
| 504 | |a Includes bibliographical references. | ||
| 650 | 0 | |a Industrial marketing |z Singapore |x Case studies | |
| 650 | 0 | |a Data tapes |x Marketing | |
| 948 | |a 26/09/1996 |b 03/06/2002 | ||
| 596 | |a 1 | ||
| 999 | |a F HF5415.1263 GOH |w LC |c 1 |i A506154147 |d 10/1/2001 |l STACKS |m P01UTAMA |n 1 |r Y |s Y |t TESIS |u 31/1/1997 | ||
